تمھا ر ے خيا ل کی آ خر ی دھوپ (Record no. 176034)

MARC details
000 -LEADER
fixed length control field 00678nam a22001937a 4500
005 - DATE AND TIME OF LATEST TRANSACTION
control field 20201020162757.0
010 ## - LCCN (DPL NO)
LC control number UR-10899
020 ## - INTERNATIONAL STANDARD BOOK NUMBER
Terms of availability 90.00
International Standard Book Number 9789389733280
035 ## - SYSTEM CONTROL NUMBER
System control number U-9454
037 ## - SOURCE OF ACQUISITION
Source of stock number/acquisition DBAD/PUB
082 ## - DEWEY DECIMAL CLASSIFICATION NUMBER
Classification number 841
100 ## - MAIN ENTRY--PERSONAL NAME
Dates associated with a name تبسم فا طمہ
245 ## - TITLE STATEMENT
Title تمھا ر ے خيا ل کی آ خر ی دھوپ
Statement of responsibility, etc تبسم فا طمہ
246 ## - VARYING FORM OF TITLE
Remainder of title Tumhare Khayal Ki Akhri Dhoop (Urdu)
Title proper/short title by Tabassum Fatima
260 ## - PUBLICATION, DISTRIBUTION, ETC. (IMPRINT)
Place of publication, distribution, etc N.Delhi
Name of publisher, distributor, etc Educational Publishing House
Date of publication, distribution, etc 2019 ء
270 ## - ADDRESS
Address H.O.D1/16,Ansari Road,Darya ganj,
City N.Delhi
Postal code 110002
Telephone number 45678285,23216162
Fax number 0091-11-23211540
300 ## - PHYSICAL DESCRIPTION
Extent 128 ص
Dimensions 22 Cm(Hb)
942 ## - ADDED ENTRY ELEMENTS (KOHA)
Source of classification or shelving scheme Dewey Decimal Classification
Item type Urdu Bks
Classification part 841
Call number suffix ت ب س
Holdings
Withdrawn status Lost status Not for loan Collection code Home library Current library Date acquired Source of acquisition Cost, normal purchase price Full call number Barcode Copy number Cost, replacement price Koha item type
      Non-fiction D.B.Act.Division D.B.Act.Division 20/10/2020 DBAD/PUB 90.00 841 ت ب س U-9454 1 90.00 Urdu Bks

© Delhi Public Library
Hit Counter
free hit counter